000 02494cam a22004814i 4500
003 PE-LiUPU
005 20250731183405.0
008 171115b2017 pe a rb 000 0 spa d
020 _a9786123170769
035 _a(Sirsi) a240092
040 _aPE-LiUPU
_bspa
_cPE-LiUPU
_erda
049 _aPRUA
082 0 4 _a720.985
_bM6
_220
245 0 0 _aMiradas en el aire :
_blos balcones limeños en la memoria fotográfica : Archivo Histórico Riva-Agüero /
_cAda Arrieta Álvarez, Adriana Scaletti Cárdenas, Rita Segovia Rojas, editoras ; [presentación de José de la Puente Brunke y Jorge Armando Guevara Gil].
250 _aPrimera edición.
264 1 _a[Lima] :
_bFundación M.J. Bustamante de la Fuente :
_bPontificia Universidad Católica del Perú, Instituto Riva-Agüero :
_bFacultad de Arquitectura y Urbanismo PUCP,
_c2017.
300 _a262 páginas :
_bilustraciones ;
_c27 centímetros
336 _atext
_2rdacontent
337 _aunmediated
_2rdamedia
338 _avolume
_2rdacarrier
504 _aBibiografía: páginas al final de cada capítulo.
505 _aLa casa colonial limeña del siglo XVII -- Balcones y solares limeños. breve recuentro sobre cambios urbanísticos desde el siglo XVII hasta nuestro días -- Balcones limeños. espacio, materia y estructura -- El balcón de cajón limeño. componente distintivo de las fachadas de las viviendas limeñas -- Catálogo de balcones.
526 _aP158
526 _aP146
526 _aP17
526 _aP12
526 _aP06
526 8 _iPrograma académico :
_5PE-LiUPU
541 _gF029-803;
650 1 4 _aBalcones
_zPerú
_zLima
_vFotografías.
650 1 4 _aBalconies
_zPeru
_zLima
_vPhotographs.
650 2 4 _aArquitectura colonial
_zPerú
_zLima.
650 2 4 _aColonial architecture
_zPeru
_zLima.
700 1 _aArrieta Alvarez, Ada Elvira,
_d1952-,
_eeditor.
700 1 _aScaletti Cárdenas, Adriana,
_eeditor.
700 1 _aSegovia Rojas, Rita Azucena,
_eeditor.
710 2 _aPontificia Universidad Católica del Perú.
_bInstituto Riva-Agüero.
_92257
910 _adbm
_bjpc
_cjpc
_d20171115
942 _2ddc
_cBOOK
994 _aC0
_bPEPRU
596 _a1
999 _a720.985 M6
_wDEWEY
_c25750
_i77008
_d25750
_e2018-9-21
_f2021-11-9
_g5
_lCCODEBUL1
_mBUL
_n3
_p44.00
_q3
_r0
_sY
_tBOOK
_u2017-11-15
_xINGENIERIA
_PP06
_0COMPRA
_o.STAFF. Colección Ingeniería y Arquitectura
980 _81
_gALBERTO SANCHEZ Responsable de Automatización